Before the Federal Communications Commission / (Record no. 183295)
[ view plain ]
| 000 -LEADER | |
|---|---|
| fixed length control field | 01269 a2200181 4500 |
| 003 - CONTROL NUMBER IDENTIFIER | |
| control field | Nust |
| 005 - DATE AND TIME OF LATEST TRANSACTION | |
| control field | 20221226102211.0 |
| 040 ## - CATALOGING SOURCE | |
| Transcribing agency | Nust |
| 082 ## - DEWEY DECIMAL CLASSIFICATION NUMBER | |
| Classification number | 621.388,CAH |
| 100 ## - MAIN ENTRY--PERSONAL NAME | |
| Personal name | Cahill John T |
| 9 (RLIN) | 105868 |
| 245 ## - TITLE STATEMENT | |
| Title | Before the Federal Communications Commission / |
| Statement of responsibility, etc. | Cahill John T |
| 260 ## - PUBLICATION, DISTRIBUTION, ETC. | |
| Place of publication, distribution, etc. | London |
| Name of publisher, distributor, etc. | National broadcasting company |
| Date of publication, distribution, etc. | 1953. |
| 300 ## - PHYSICAL DESCRIPTION | |
| Extent | 697p |
| 505 ## - FORMATTED CONTENTS NOTE | |
| Formatted contents note | Technical signal specifications proposed as standards for color television (Page-35), Survey of audience reaction to RCA color television (Page-43), NBC color television programming plans and policies (Page-89), Principles and development of color television systems (Page-101), RCA tricolor kinescopes and assosiated components (Page-263), Receivers for the RCA color television system (Page-309), Enginering study of picture quality in the RCA color television system (Page-371), Comparison of monochrome and color television with reference to susceptibility to various types of interference (Page-417), Terminal equipment for the RCA color television system (Page-439), NBC operating experience with the RCA color television system (Page 515), Networking RCA color television (Page-679). |
| 600 ## - SUBJECT ADDED ENTRY--PERSONAL NAME | |
| Personal name | John T Cahill |
| 9 (RLIN) | 105869 |
| 650 ## - SUBJECT ADDED ENTRY--TOPICAL TERM | |
| Topical term or geographic name entry element | Communication Commission |
| 9 (RLIN) | 105870 |
| 942 ## - ADDED ENTRY ELEMENTS (KOHA) | |
| Source of classification or shelving scheme | |
| Koha item type | Book |
| Withdrawn status | Lost status | Source of classification or shelving scheme | Damaged status | Not for loan | Permanent Location | Current Location | Shelving location | Date acquired | Full call number | Barcode | Date last seen | Price effective from | Koha item type | Public note |
|---|---|---|---|---|---|---|---|---|---|---|---|---|---|---|
| Military College of Signals (MCS) | Military College of Signals (MCS) | General Stacks | 12/12/2016 | 621.388,CAH | MCS6653 | 12/08/2016 | 12/12/2016 | Book | Almirah No.39, Shelf No.4 |
